[Event "BL 2016-17"]
[Site "Berlin"]
[Date "2017.05.01"]
[Round "15"]
[White "Gabriel, Christian"]
[Black "Gledura, Benjamin"]
[Result "1/2-1/2"]
[WhiteElo "2512"]
[BlackElo "2592"]
[Annotator "TA"]
[PlyCount "39"]
[EventDate "2017.??.??"]
[EventType "team-tourn"]
[EventCountry "GER"]
[SourceTitle "playchess.com"]
[Source "ChessBase"]
[SourceQuality "1"]
[WhiteTeam "Bayern München"]
[BlackTeam "SG Trier"]

{[%evp 10,39,15,10,22,12,11,11,11,17,9,-1,29,24,37,39,50,28,37,47,42,45,43,43,52,38,50,47,52,43,50,34]} 1. d4 d5 2. c4 c6 3. Nf3 Nf6 4. Qb3 dxc4 5. Qxc4 Bg4 6. Nbd2 {[%cal Bb1d2,Bd2c4,Bc4a3,Ba3c2][%mdl 32]} e6 {D23: Queen's Gambit Accepted: 3 Nf3 Nf6 sidelines} 7. g3 Nbd7 8. Bg2 Be7 {The position is equal.} (8... Bd6 9. Qb3 Nb6 10. Ne5 Bh5 11. Ndc4 Bxe5 12. dxe5 Nxc4 13. Qxc4 Qa5+ 14. Bd2 Qxe5 {1-0 (50) Ivanchuk,V (2747)-Dreev,A (2652) Doha 2016}) 9. O-O O-O 10. Qb3 Nd5 11. Nc4 Bxf3 $146 ({Predecessor:} 11... Rb8 12. e4 N5b6 13. Bf4 Nxc4 14. Qxc4 {½-½ (33) David,A (2321)-Krajina,D (2285) Germany 2008}) 12. Bxf3 b5 13. Na3 Rc8 14. Nc2 {White is slightly better.} N5b6 15. Rd1 a6 {[%cal Ba7a6,Ba6a5][%mdl 32]} 16. Nb4 Nd5 17. a3 {[%cal Ba2a3,Ba3a4][%mdl 32]} a5 18. Nxd5 exd5 19. a4 b4 20. Qd3 {Precision: White = 100%, Black = 72%.} 1/2-1/2

[Event "BL 2016-17"]
[Site "Berlin"]
[Date "2017.05.01"]
[Round "15"]
[White "Tazbir, Marcin"]
[Black "Postny, Evgeny"]
[Result "1/2-1/2"]
[WhiteElo "2512"]
[BlackElo "2606"]
[Annotator "TA"]
[PlyCount "83"]
[EventDate "2017.??.??"]
[EventType "team-tourn"]
[EventCountry "GER"]
[SourceTitle "playchess.com"]
[Source "ChessBase"]
[SourceQuality "1"]
[WhiteTeam "Griesheim"]
[BlackTeam "Schwäbisch Hall"]

{[%evp 27,83,0,21,-39,33,27,46,36,40,33,59,59,61,48,59,37,39,34,54,39,57,29,30,18,16,-27,14,0,10,6,22,0,0,0,0,0,0,0,20,0,36,29,21,27,25,42,21,0,0,0,0,0,0,0,0,0,0,0]} 1. e4 e5 2. Nf3 Nc6 3. Bb5 a6 4. Ba4 Nf6 5. O-O Be7 6. Re1 b5 7. Bb3 d6 8. c3 O-O 9. h3 Na5 10. Bc2 c5 11. d4 Qc7 12. d5 Bd7 13. Nbd2 c4 14. Nf1 Nb7 15. g4 {C97: Closed Ruy Lopez: Chigorin Defence: 11 d4 Qc7, sidelines} (15. Ng3 $11) 15... Ne8 (15... h5 $15) 16. Ng3 $14 g6 17. Nh2 {White is slightly better.} Ng7 18. f4 exf4 19. Bxf4 f6 20. Nf3 Nd8 {[%cal Bb7d8,Bd8f7,Bf7e5][%mdl 32] [#]} 21. Kg2 $146 ({Predecessor:} 21. Nd4 Nf7 22. Kh1 Kh8 {1-0 (41) Harikrishna,P (2673)-Fressinet,L (2624) Pamplona 2005}) 21... Nf7 22. Qd2 Ne5 23. Bh6 Rab8 24. Nd4 a5 25. Nge2 Qc8 26. b4 cxb3 27. axb3 Bd8 28. Nf4 Re8 29. Bxg7 (29. Bd1 $5 {seems wilder.} Bb6 30. Be2 a4 31. Bxg7 Kxg7 32. Nxb5 Qc5 33. Nd4) 29... Kxg7 30. Nfe6+ Bxe6 31. Nxe6+ Rxe6 32. dxe6 Qxe6 33. Red1 (33. Re3 $5 {feels hotter.} b4 34. Rg3 bxc3 35. Rxc3 Bb6 36. Rf1) 33... Rc8 (33... Bc7 $5 {with more complications.} 34. Qd5 Qd7 35. Rf1 Bb6 36. Bd3 Nxg4 37. hxg4 Qxg4+ 38. Kh2 Qh4+) 34. Qxd6 Qxd6 35. Rxd6 {Hoping for Bd1.} Rxc3 36. Rxd8 Rxc2+ {[%mdl 4096] Endgame KRR-KRN} 37. Kg3 {The position is equal.} Rc3+ 38. Kg2 Rxb3 39. Rxa5 Rb2+ 40. Kg3 Rb3+ 41. Kg2 Rb2+ 42. Kg3 1/2-1/2

[Event "BL 2016-17"]
[Site "Berlin"]
[Date "2017.05.01"]
[Round "15"]
[White "Bromberger, Stefan"]
[Black "Zuniga, Julio Ernesto"]
[Result "1-0"]
[WhiteElo "2510"]
[BlackElo "2646"]
[Annotator "TA"]
[PlyCount "85"]
[EventDate "2017.??.??"]
[EventType "team-tourn"]
[EventCountry "GER"]
[SourceTitle "playchess.com"]
[Source "ChessBase"]
[SourceQuality "1"]
[WhiteTeam "Zugzwang München"]
[BlackTeam "Aufwärts Aachen"]

{[%evp 19,85,-16,8,-19,0,0,0,-41,0,-16,8,18,8,8,28,-5,-4,-5,-5,-5,-5,-5,0,-7,-6,0,0,0,0,-7,0,0,0,0,162,157,228,219,268,-63,-64,-62,-49,-45,0,0,265,251,272,258,267,264,261,160,166,162,243,243,243,250,243,243,246,246,479,479,438,449]} 1. d4 Nf6 2. c4 e6 3. Nc3 Bb4 4. e3 O-O 5. Nge2 d5 6. a3 Be7 7. cxd5 exd5 8. Nf4 c6 9. Bd3 Re8 10. O-O Nbd7 11. b4 {E46: Nimzo-Indian: Rubinstein: 4 e3 0-0 5 Ne2 without early Bd3} Nb6 12. Qb3 $146 (12. b5 c5 13. Nh5 cxd4 14. exd4 g6 15. Ng3 Bd7 16. Qb3 Rc8 17. Bg5 Ng4 18. Bxe7 Qxe7 {0-1 (57) Wang,R (2434)-Le,Q (2591) Subic Bay 2009}) 12... Bd6 13. f3 {The position is equal.} Bxf4 14. exf4 Nc4 15. Bxc4 dxc4 16. Qxc4 a5 17. Bd2 Be6 18. Qd3 b5 19. d5 $1 axb4 (19... cxd5 $6 20. Nxb5 Qb6+ 21. Kh1 $16 (21. Be3 Qa6 $14)) 20. axb4 {aiming for Rxa8.} Bxd5 21. Rxa8 Qxa8 22. Re1 Qa7+ 23. Be3 {[%cal Bd2e3,Be3d4,Bd4c5][%mdl 32]} Qa3 24. Rb1 Ba2 25. Ra1 Nd5 26. Bd4 Nxb4 $2 (26... h6 $11 {and Black is okay.}) 27. Qd2 $18 Qb3 {[#]} (27... Rd8 $16) 28. Bc5 $1 {[%mdl 1024] White has strong compensation.} (28. Rxa2 Nxa2 29. Nxa2 Rd8 $17) (28. Nxa2 Nc2 29. Kf2 (29. Nc1 $2 Qd5 30. Rb1 Nxd4 $19) 29... Qa4 30. Bxg7 Kxg7 $17) 28... h6 29. Ne4 $2 (29. Nxa2 Nd3 $14) (29. Rxa2 Nxa2 30. Nxa2 Qc4 $17) (29. Bxb4 $1 $18 Qxb4 30. Rxa2) 29... Nd3 $1 $15 {Threatens to win with ...f5.} 30. Bd6 (30. Qxa2 $2 Qxa2 31. Rxa2 f5 $17) 30... Bb1 31. h3 Qc2 32. Qe3 $1 {Threatening mate with Nf6+!} Kh8 $2 {[%mdl 8192] [#]} (32... Rc8 $11 {and Black has nothing to worry.}) 33. Ng5 $1 $18 {[%cal Re3e8]} Qc1+ (33... Rxe3 34. Ra8+ Re8 35. Rxe8#) (33... Rc8 $2 34. Nxf7+ Kg8 35. Qe6 $18) 34. Qxc1 Nxc1 35. Nxf7+ ({Stronger than} 35. Rxb1 Ne2+ 36. Kf2 hxg5 37. fxg5 Re6 $11) 35... Kg8 36. Ne5 Ne2+ 37. Kf2 Nxf4 (37... Nc3 $142 38. Bb4 (38. Nxc6 Re6 39. Ra8+ Kh7 $16) 38... Nd1+ 39. Ke1 Bc2) 38. Rxb1 (38. Nxc6 Nd3+ 39. Kg3 Bc2 $11) 38... Rxe5 39. Bxe5 Nd3+ 40. Ke3 Nxe5 41. Kd4 Nd7 $2 (41... Ng6 {was called for.} 42. Kc5 Nf4) 42. Rc1 c5+ 43. Kd5 1-0

[Event "BL 2016-17"]
[Site "Berlin"]
[Date "2017.05.01"]
[Round "15"]
[White "Bezold, Michael"]
[Black "Erdos, Viktor"]
[Result "1/2-1/2"]
[WhiteElo "2500"]
[BlackElo "2593"]
[Annotator "TA"]
[PlyCount "40"]
[EventDate "2017.??.??"]
[EventType "team-tourn"]
[EventCountry "GER"]
[SourceTitle "playchess.com"]
[Source "ChessBase"]
[SourceQuality "1"]
[WhiteTeam "Bayern München"]
[BlackTeam "SG Trier"]

{[%evp 16,40,20,15,16,5,10,20,15,0,0,0,15,8,40,36,88,87,66,71,82,61,78,25,48,64,60]} 1. g3 e5 2. Bg2 Nf6 3. c4 c6 4. Nc3 d5 5. cxd5 cxd5 6. Qb3 Nc6 7. Nxd5 Nd4 8. Nxf6+ gxf6 9. Qd1 {LiveBook: 11 Games} Qc7 {[#] Threatens to win with ...Nc2+. A23: English Opening: 1...e5 2 Nc3 Nf6 3 g3 c6} 10. Kf1 Be6 {Strongly threatening ...Nc2.} (10... Nc2 $5 11. Rb1 $8 Be6 $11) ({Relevant:} 10... a5 11. Nf3 Nc2 12. Rb1 a4 13. d3 Be6 14. b3 axb3 15. axb3 h5 16. Nd2 h4 17. gxh4 Rxh4 {0-1 (40) Vijayalakshmi,S (2412)-Fominyh,A (2505) Dhaka 2005}) 11. b3 O-O-O {The position is equal.} 12. d3 $146 ({Predecessor:} 12. Bb2 Kb8 13. e3 Nf5 14. Ne2 h5 15. h3 Bh6 16. Qc1 Qd7 17. Bc3 {1-0 (47) Branicki,I-Persitz,R Haifa/Tel Aviv 1958}) 12... Kb8 13. Bb2 Bh6 14. e3 Nf5 {White should prevent ...Bxe3!} 15. Qe2 $1 Bd7 {[#]} (15... Rhg8 $14) 16. Nf3 $1 $16 Bb5 17. Ne1 $1 Qb6 18. Rd1 Rhg8 ({Wrong is} 18... Bxe3 $2 19. Bh3 $18 (19. g4 Bxf2 20. gxf5 Bc5 $16)) 19. Bc1 ({Better is} 19. Kg1 $16) 19... Nd6 20. Kg1 f5 1/2-1/2

[Event "BL 2016-17"]
[Site "Berlin"]
[Date "2017.05.01"]
[Round "15"]
[White "Kollars, Dmitrij"]
[Black "Lauber, Arnd"]
[Result "1/2-1/2"]
[WhiteElo "2500"]
[BlackElo "2426"]
[Annotator "TA"]
[PlyCount "76"]
[EventDate "2017.??.??"]
[EventType "team-tourn"]
[EventCountry "GER"]
[SourceTitle "playchess.com"]
[Source "ChessBase"]
[SourceQuality "1"]
[WhiteTeam "Hamburger SK"]
[BlackTeam "SF Berlin"]

{[%evp 17,76,0,0,-5,0,0,0,0,0,0,-5,0,-7,-4,-4,-4,13,11,11,13,21,6,6,7,8,12,28,10,29,20,25,16,20,20,19,0,25,0,0,0,14,8,33,12,15,0,0,0,0,3,12,0,0,0,0,0,0,0,0,0,0]} 1. e4 {[%cal Be2e4,Be4e5,Be5f6][%mdl 32]} e6 2. d4 d5 3. Nc3 Nf6 4. Bg5 Bb4 5. e5 h6 6. exf6 hxg5 7. fxg7 Rg8 8. h4 gxh4 9. Qh5 Qf6 10. Qxh4 {C12: French: Classical System: McCutcheon Variation} Qxg7 (10... Nd7 11. Nf3 Qxh4 12. Rxh4 Rxg7 13. a3 Bf8 14. Nb5 Kd8 15. Rh8 b6 16. Ne5 Bb7 17. Nxa7 c6 18. Naxc6+ Bxc6 19. Rxf8+ Nxf8 20. Nxc6+ {½-½ (43) Gonzalez,B (2557)-Pessoa,F (2525) ICCF email 2010}) 11. Nf3 Nc6 12. O-O-O Bd7 13. g3 Be7 14. Qf4 Bd6 15. Qe3 O-O-O 16. Nb5 Be7 17. Qf4 {[%csl Gb5][%cal Rf4c7] [#]} Bg5 18. Nxg5 Qxg5 19. Qxg5 Rxg5 20. c3 $146 ({Predecessor:} 20. Rh7) 20... a6 21. Na3 Ne7 22. Bd3 Rg7 23. Rh5 Ng8 24. Nc2 Bb5 25. Bxb5 axb5 26. Rh3 Nf6 27. Nb4 Ne4 28. Nd3 Kd7 29. Rdh1 Ra8 30. a3 Ke7 {The position is equal.} 31. Kd1 b6 32. Rh8 Rag8 33. Ke2 Nf6 34. Ne5 Rxh8 35. Rxh8 Rh7 36. Nc6+ Kd6 37. Ne5 {[#] Intending Rd8+ and mate.} Ke7 $1 38. Nc6+ Kd6 {Precision: White = 56%, Black = 86%.} 1/2-1/2

[Event "BL 2016-17"]
[Site "Berlin"]
[Date "2017.05.01"]
[Round "15"]
[White "Richter, Michael"]
[Black "Fressinet, Laurent"]
[Result "0-1"]
[WhiteElo "2495"]
[BlackElo "2665"]
[Annotator "TA"]
[PlyCount "75"]
[EventDate "2017.??.??"]
[EventType "team-tourn"]
[EventCountry "GER"]
[SourceTitle "playchess.com"]
[Source "ChessBase"]
[SourceQuality "1"]
[WhiteTeam "König Tegel"]
[BlackTeam "Werder Bremen"]

{[%evp 11,75,7,23,0,0,0,0,-14,-25,-72,-74,-79,-80,-79,-80,-82,-83,-93,-93,-94,-98,-97,-97,-96,-71,-73,-82,-88,-72,-112,-109,-114,-112,-118,-97,-128,-100,-107,-95,-127,-130,-130,-130,-122,-120,-168,-174,-156,-126,-141,-124,-215,-222,-232,-210,-242,-221,-261,-262,-250,-250,-239,-233,-237,-139,-460]} 1. e4 e5 2. Nf3 Nc6 3. d4 exd4 4. Nxd4 Qf6 5. Nxc6 Bc5 6. Qf3 dxc6 7. Bc4 {C45: Scotch Game} (7. Nc3 Be6 8. Be3 Bb4 9. Bd2 O-O-O 10. O-O-O Qg6 11. Qg3 f5 12. Bd3 Nf6 13. f3 Qxg3 14. hxg3 fxe4 15. Nxe4 Nxe4 16. Bxe4 Bxd2+ 17. Rxd2 {0-1 (73) Yu,Y (2738)-Nakamura,H (2785) Caleta 2017}) 7... Qe7 8. O-O Nf6 9. Bg5 $146 {The position is equal.} (9. Nd2 O-O 10. h3 Re8 11. Re1 Nd7 12. Bb3 a5 13. a4 Ne5 14. Qg3 b5 {1-0 (42) Beaskoa Estany,G (1923)-Castillo Escario,Y (2024) Barcelona 2015}) 9... Qxe4 10. Nd2 Qxf3 11. Rfe1+ Be6 12. Nxf3 Nd5 $1 13. Bh4 h6 14. Rad1 g5 15. Bg3 {[#]} O-O-O $1 16. Be5 Rhe8 17. Bg7 Bf8 18. Bxf8 Rxf8 19. Nd4 Bd7 20. c3 Nb6 21. Bb3 c5 {[%cal Bc6c5,Bc5c4][%mdl 32]} 22. Nf3 c4 23. Bc2 Rfe8 24. h4 f6 25. Kh2 c5 26. hxg5 hxg5 27. Rxe8 Rxe8 28. Re1 Rxe1 29. Nxe1 $19 {[%mdl 4096] Endgame KBN-KBN} Kc7 30. Kg3 Nd5 31. Bh7 (31. Kf3 $17 {is a better defense.}) 31... b5 {[%cal Bb7b5,Bb5b4][%mdl 32]} 32. Kf3 f5 33. Ke2 Kd6 34. Nf3 g4 35. Nh4 Ke5 {Black is clearly better.} 36. g3 b4 37. Kd2 {[#]} Nf6 (37... Kf6 $1 $19 38. Bg6 Nc7) 38. Bg6 $2 {[%mdl 8192]} (38. f4+ $17 gxf3 39. Nxf3+ Kd6 40. Ng5) 0-1

[Event "BL 2016-17"]
[Site "Berlin"]
[Date "2017.05.01"]
[Round "15"]
[White "Schreiner, Peter"]
[Black "Huschenbeth, Niclas"]
[Result "1/2-1/2"]
[WhiteElo "2482"]
[BlackElo "2588"]
[Annotator "TA"]
[PlyCount "98"]
[EventDate "2017.??.??"]
[EventType "team-tourn"]
[EventCountry "GER"]
[SourceTitle "playchess.com"]
[Source "ChessBase"]
[SourceQuality "1"]
[WhiteTeam "SF Berlin"]
[BlackTeam "Hamburger SK"]

{[%evp 23,98,0,3,0,0,0,-6,-11,-9,0,0,-8,26,0,17,0,0,0,0,0,7,7,5,6,14,0,0,0,0,0,0,-3,0,0,0,0,0,0,0,0,0,0,0,0,0,0,0,0,5,4,14,7,51,61,53,52,81,76,118,127,115,72,73,0,0,0,0,0,0,0,0,0,0,0,0,0,0]} 1. d4 d5 2. c4 dxc4 3. Nf3 a6 4. e3 b5 5. a4 Bb7 6. b3 e6 7. axb5 axb5 8. Rxa8 Bxa8 9. bxc4 {D22: Queen's Gambit Accepted: 3 Nf3 a6 4 e3} bxc4 10. Bxc4 Nf6 11. O-O Be7 (11... Nbd7 12. Nc3 Be7 13. Qd3 c5 14. d5 exd5 15. Nxd5 Nxd5 16. Bxd5 Bxd5 17. Qxd5 {1-0 (88) Wang,H (2717)-Ponomariov,R (2712) Huaian 2016}) 12. Nc3 O-O {LiveBook: 3 Games} 13. Qe2 c5 14. dxc5 Nbd7 {[%cal Bb8d7,Bd7c5,Bc5e4][%mdl 32]} 15. Rd1 {[#]} Qa5 $146 16. Nb5 Nxc5 17. Bb2 Nce4 18. Ra1 Qb6 19. h3 (19. Ne5 $5 {seems wilder.} Bc5 20. Bd3 Rc8 21. Rb1 Bd5 22. Ng4) 19... Bc5 (19... Nd7 $5 {looks sharper.} 20. Bd4 Qb8 21. Ba7 Qb7 22. Bd4 Qb8) 20. Bd4 Bxd4 21. Nbxd4 Qc5 22. Qa2 Bd5 23. Bxd5 Nxd5 24. Qa3 Qxa3 25. Rxa3 Rb8 26. Rb3 {[%cal Rb3b8] [#]} Ra8 27. Rb2 Ra1+ 28. Kh2 {[%cal Rb2b8]} g5 29. g4 Kg7 30. Kg2 Kf6 31. Ne2 Nd6 32. Ng3 h6 33. h4 gxh4 34. Nxh4 Nc4 35. Rb7 Ra2 36. Nh5+ Ke5 ({Much worse is} 36... Kg5 $6 37. Kg3 Rxf2 38. Rb8 $16 (38. Kxf2 Kxh4 39. Rxf7 Ncxe3 $11)) 37. Kg3 Nc3 {[#] White must now prevent ...Ne4+.} 38. Nf3+ Kd6 {And now ...Ne4+ would win.} 39. Nf6 e5 40. Rxf7 {Threatens to win with Rh7.} Ne2+ 41. Kh4 Nc3 42. Ne8+ Kd5 43. Rd7+ (43. g5 $16 hxg5+ 44. Nxg5) 43... Ke4 $11 {The position is equal.} 44. g5 Rxf2 45. gxh6 Rxf3 46. h7 Rf1 47. Kg5 ({Don't play} 47. Nf6+ Kf5 48. Rd8 Rh1+ 49. Kg3 Kxf6 $15) 47... Rg1+ 48. Kf6 Rh1 49. Kg7 Nd5 {Precision: White = 78%, Black = 62%.} 1/2-1/2

[Event "BL 2016-17"]
[Site "Berlin"]
[Date "2017.05.01"]
[Round "15"]
[White "Mons, Leon"]
[Black "Nijboer, Friso"]
[Result "1/2-1/2"]
[WhiteElo "2479"]
[BlackElo "2535"]
[Annotator "TA"]
[PlyCount "49"]
[EventDate "2017.??.??"]
[EventType "team-tourn"]
[EventCountry "GER"]
[SourceTitle "playchess.com"]
[Source "ChessBase"]
[SourceQuality "1"]
[WhiteTeam "Zugzwang München"]
[BlackTeam "Aufwärts Aachen"]

{[%evp 19,49,32,27,20,29,19,37,-31,0,8,6,-24,24,3,0,10,11,10,11,10,18,0,31,35,29,17,15,15,14,16,20,8]} 1. e4 c5 2. Nc3 Nc6 3. f4 e6 4. Nf3 d5 5. Bb5 Nge7 6. exd5 exd5 7. Qe2 Qd6 8. d4 {B23: Closed Sicilian: Lines without g3} (8. O-O Bg4 9. Qe5 Qd7 10. Qe1 Bxf3 11. Rxf3 O-O-O 12. Na4 Nf5 13. c3 Bd6 14. Qf2 Qe7 15. b3 Rhe8 {1-0 (44) Ivanisevic,I (2634)-Vovk,Y (2514) Kozloduy 2012}) 8... cxd4 9. Nxd4 g6 10. Be3 Bg7 {LiveBook: 3 Games} 11. O-O-O O-O $146 ({Predecessor:} 11... a6 12. Ba4 O-O 13. Qf3 Na5 14. g4 b5 15. Bb3 b4 {½-½ (31) Matheis,T (2354)-Peschardt,S (2381) ICCF email 2007}) 12. Qf2 Bg4 13. Rde1 (13. Rd2 $14) 13... Rfe8 14. h3 Bd7 $1 15. Bxc6 bxc6 16. Nb3 Nf5 {[#] Strongly threatening ...d4.} 17. Bc5 Qc7 18. g4 Nd6 19. Bd4 Bxd4 20. Qxd4 ({Much weaker is} 20. Nxd4 f5 $15) 20... Nb5 21. Nxb5 cxb5 22. Nc5 a5 $1 {The position is equal.} 23. Nxd7 Qxd7 24. f5 {[%cal Bf4f5,Bf5g6][%mdl 32]} Qc6 25. fxg6 {Precision: White = 57%, Black = 98%.} 1/2-1/2

[Event "BL 2016-17"]
[Site "Berlin"]
[Date "2017.05.01"]
[Round "15"]
[White "Georgiadis, Nico"]
[Black "Laznicka, Viktor"]
[Result "0-1"]
[WhiteElo "2478"]
[BlackElo "2670"]
[Annotator "TA"]
[PlyCount "118"]
[EventDate "2017.??.??"]
[EventType "team-tourn"]
[EventCountry "GER"]
[SourceTitle "playchess.com"]
[Source "ChessBase"]
[SourceQuality "1"]
[WhiteTeam "Griesheim"]
[BlackTeam "Schwäbisch Hall"]

{[%evp 18,118,8,2,25,0,0,-8,0,-12,-8,-10,-8,-19,-14,-21,-24,-47,-42,-48,-45,-54,-63,-94,-49,-61,-49,-48,-34,-81,-44,-88,-106,-110,-109,-99,-100,-133,-138,-151,-166,-181,-176,-165,-145,-135,-129,-134,-130,-135,-129,-135,-134,-227,-194,-197,-197,-194,-172,-172,-172,-168,-168,-209,-209,-216,-213,-200,-216,-219,-222,-248,-248,-697,-656,-545,-512,-1392,-1159,-1408,-1258,-1427,-1425,-1427,-1350,-1250,-1226,-1155,-1140,-1063,-1063,-962,-1012,-668,-668,-645,-630,-4618,-4610,-9072,-7544,-5065,-3951]} 1. e4 e5 2. Nf3 Nc6 3. Bb5 Nf6 4. d3 Bc5 5. Bxc6 dxc6 6. Nbd2 {C65: Ruy Lopez: Berlin Defence (3...Nf6), unusual lines and 4 0-0 Bc5} O-O 7. Nc4 Nd7 8. O-O Re8 9. Kh1 Bf8 10. a4 {LiveBook: 3 Games} c5 $146 (10... f6 11. Ng1 Nc5 12. b3 Ne6 13. Ne2 c5 {½-½ (40) Malakhov,V (2706)-Jakovenko,D (2742) Sochi 2015}) 11. a5 f6 12. Ng1 Nb8 {[%cal Bd7b8,Bb8c6,Bc6d4][%mdl 32]} 13. f4 exf4 14. Bxf4 Nc6 15. b3 Be6 16. Ne2 Qd7 17. Ng3 b5 18. axb6 axb6 19. Qc1 Nd4 {Hoping for ...Rxa1.} 20. Qb2 b5 21. Nd2 Bf7 22. Be3 Rad8 23. Nf3 Nc6 24. Nf5 c4 25. bxc4 bxc4 26. Rfd1 Nb4 {[%cal Rc4d3]} 27. Bd2 c5 28. Bxb4 cxb4 29. Ng3 c3 30. Qc1 b3 31. cxb3 Bxb3 32. Qxc3 Bxd1 33. Rxd1 Qa4 34. Qe1 Bd6 {Threatens to win with ...Bxg3.} 35. Ra1 (35. Nf5 $17) 35... Bxg3 36. Rxa4 Bxe1 37. Nxe1 $19 {[%mdl 4096] Endgame [#] KRR-KRN} f5 $1 {[%mdl 512] And now ...fxe4 would win.} 38. Kg1 (38. exf5 Rxe1#) 38... fxe4 39. dxe4 Rd2 40. Kf1 Rb8 41. Ra3 h6 42. h3 Rbb2 43. Rf3 Ra2 44. Rf4 Ra4 45. Rf2 $2 (45. Rf5) 45... Rxf2+ {Black is clearly winning.} 46. Kxf2 Rxe4 {KR-KN} 47. Nf3 (47. g3 $142 Kf7 48. Nd3) 47... Kf7 48. Ng1 Kf6 49. Nf3 Kf5 50. Ng1 Rb4 51. Ne2 Ke4 52. Ng3+ Kd3 53. Kf3 Rb7 54. Nh5 Rf7+ 55. Nf4+ Kd4 {[#] Strongly threatening ...g5.} 56. Kg3 Ke4 57. Ng6 Rf6 58. Nh4 Ke3 59. Kg4 Kf2 {Precision: White = 42%, Black = 89%.} 0-1

[Event "BL 2016-17"]
[Site "Berlin"]
[Date "2017.05.01"]
[Round "15"]
[White "Heinemann, Thies"]
[Black "Thiede, Lars"]
[Result "1-0"]
[WhiteElo "2470"]
[BlackElo "2424"]
[Annotator "TA"]
[PlyCount "117"]
[EventDate "2017.??.??"]
[EventType "team-tourn"]
[EventCountry "GER"]
[SourceTitle "playchess.com"]
[Source "ChessBase"]
[SourceQuality "1"]
[WhiteTeam "Hamburger SK"]
[BlackTeam "SF Berlin"]

{[%evp 16,117,33,27,31,5,39,37,39,32,62,68,64,55,64,64,68,50,47,6,26,13,44,42,48,35,47,43,49,31,30,0,0,0,0,0,14,19,13,9,15,16,33,38,40,27,47,45,41,37,36,22,63,59,77,79,95,87,121,39,24,31,117,62,133,133,125,133,239,244,192,66,66,66,85,85,85,85,85,99,99,99,95,12,20,0,0,0,8,8,8,8,540,508,29972,29972,29973,29973,29979,29980,29983,29984,29984,29985]} 1. e4 e5 2. Nf3 Nc6 3. Bb5 a6 4. Bxc6 dxc6 5. O-O f6 6. d4 Bg4 7. c3 Qd7 8. h3 {C69: Ruy Lopez: Exchange Variation with 5 0-0 f6} Bxf3 9. Qxf3 {LiveBook: 4 Games} O-O-O 10. Be3 {White is slightly better.} (10. Rd1 Ne7 11. Nd2 Ng6 12. Nf1 Bd6 13. Ne3 Rhe8 14. Nf5 Bf8 15. Be3 exd4 16. Rxd4 {½-½ (46) Ivanchuk,V (2730)-Svidler,P (2710) Elista 1998}) 10... Bd6 11. Nd2 Ne7 12. dxe5 fxe5 13. Rfd1 $146 ({Predecessor:} 13. Nc4 Qe6 14. Qg4 Qxg4 15. hxg4 b5 {1-0 (64) Bedouin,X (2403)-Naudier,S (2245) Saint Affrique 2010}) 13... Ng6 14. Qf5 Rhf8 15. Qxd7+ Rxd7 16. Nb3 b6 17. Rd2 Rfd8 18. Rad1 Be7 19. g3 Rxd2 20. Rxd2 Bd6 21. Kg2 c5 22. c4 Re8 23. Rd1 Ne7 24. Nd2 Nc6 25. Nb1 Na5 26. b3 Nc6 27. Nc3 Nd4 28. h4 c6 29. h5 Rf8 30. Rf1 Nf3 31. Ne2 Kd7 32. Ng1 Nd4 33. f4 Nc2 34. Bd2 a5 35. Nf3 a4 36. fxe5 Be7 37. Bf4 (37. h6 $16) 37... axb3 $14 38. axb3 Ra8 (38... Ke6 $14) 39. Rf2 ({White should try} 39. Rd1+ $16 Ke6 40. Ng5+ Bxg5 41. Rd6+ (41. Bxg5 Nd4 $11) 41... Kf7 42. Bxg5) 39... Nb4 (39... Nd4 $14) 40. Rd2+ $16 Ke8 41. e6 Ra2 (41... Rd8 $16 {keeps fighting.}) 42. Rxa2 $18 Nxa2 {[%mdl 4096] Endgame [#] KBN-KBN} 43. h6 (43. Ne5 $1 $18) 43... gxh6 $14 44. Bxh6 Nc3 45. Ne5 {Kf3 is the strong threat.} Nxe4 46. Kf3 ({Of course not} 46. Nxc6 Bg5 47. Bg7 Be7 $11) 46... Nd6 47. Nxc6 Nf5 48. Bf4 {[#] Strongly threatening Ke4.} Ng7 49. Bc7 (49. Be5 $16 Nxe6 50. Ke4 (50. Nxe7 Kxe7 51. Ke4 Kd7 $14)) 49... Nxe6 $11 50. Nxe7 {Hoping for Nd5.} ({Don't take} 50. Bxb6 Bd6 $16) (50. Be5 {with more complications.} Bf8 51. Ke4 Bg7 52. Bb8 Kd7 53. Kf5) 50... Nxc7 {KN-KN} 51. Nc8 Na8 52. Nd6+ Ke7 $1 {[%cal Re7d6]} 53. Nb5 Kd7 $2 {[%mdl 8192]} (53... h5 $11 {and Black is okay.}) 54. Kf4 $18 Nc7 (54... Ke6 $18 55. Kg5 Ke5) 55. Nxc7 {White mates.} Kxc7 56. g4 b5 57. Ke5 Kb6 58. Kd5 bxc4 59. bxc4 {Precision: White = 59%, Black = 51%.} 1-0

[Event "BL 2016-17"]
[Site "Berlin"]
[Date "2017.05.01"]
[Round "15"]
[White "Jaracz, Pawel"]
[Black "Ribli, Zoltan"]
[Result "1/2-1/2"]
[WhiteElo "2469"]
[BlackElo "2531"]
[Annotator "TA"]
[PlyCount "40"]
[EventDate "2017.??.??"]
[EventType "team-tourn"]
[EventCountry "GER"]
[SourceTitle "playchess.com"]
[Source "ChessBase"]
[SourceQuality "1"]
[WhiteTeam "SG Trier"]
[BlackTeam "Bayern München"]

{[%evp 26,40,18,4,8,9,24,7,29,35,45,17,11,0,46,0,12]} 1. e4 c5 2. Nf3 e6 3. d4 cxd4 4. Nxd4 Nc6 5. Nc3 Qc7 6. Be2 a6 7. O-O Nf6 8. Be3 d6 9. f4 Be7 10. Qe1 O-O 11. Qg3 Nxd4 12. Bxd4 b5 13. a3 Bb7 14. Rae1 Rad8 {B85: Sicilian Scheveningen: 6 Be2 a6, lines with early Be3} 15. Kh1 Rd7 16. Bf3 (16. Bd3 Re8 17. Re2 h6 18. f5 e5 19. Be3 Kh7 20. Qf3 d5 21. exd5 Rxd5 22. Be4 Rd7 23. Bxb7 Qxb7 24. Qxb7 Rxb7 25. Rd1 Rc8 26. Nd5 Nxd5 27. Rxd5 a5 28. g3 Bf6 29. c3 {½-½ (29) Wagner,D (2568)-Rublevsky,S (2681) Germany 2017}) 16... Qc4 17. Rd1 Rfd8 18. Be2 Qc7 19. Bf3 $146 ({Predecessor (3):} 19. Bd3 Re8 20. Rde1 Qd8 21. Qh3 Bf8 22. Nd5 exd5 23. Bxf6 gxf6 {0-1 (66) Kayumov,S (2434)-Antal,G (2473) Budapest 2003}) 19... Qc4 20. Be2 Qc7 1/2-1/2